[Event "FICGS class F 000132 email"]
[Site "FICGS email"]
[Date "2013.07.04"]
[Round "1"]
[White "Bromo, Alexis"]
[Black "Gramajo, Francisco"]
[Result "1-0"]
[WhiteElo "1085"]
[BlackElo "1137"]
[PlyCount "55"]
[EventDate "2013.??.??"]
[EventType "tourn (corr)"]
[EventRounds "5"]
[SourceTitle "Corr 2022"]
[Source "ChessBase"]
[SourceDate "2021.10.24"]
[SourceVersion "1"]
[SourceVersionDate "2021.10.24"]
[SourceQuality "1"]

1. d4 d5 2. c4 dxc4 3. Nc3 c6 4. Nf3 f6 5. Bf4 e6 6. Bxb8 Rxb8 7. e3 Bb4 8. a3 Ba5 9. b4 cxb3 10. Qxb3 Bd7 11. Bd3 b5 12. 0-0 b4 13. axb4 Bxb4 14. Rxa7 Bc5 15. dxc5 Rxb3 16. Rc1 Ne7 17. Bc4 Qb8 18. Bxb3 Qxa7 19. Nd4 0-0 20. Nxe6 Ra8 21. Nc7+ Nd5 22. Nxa8 Qxa8 23. e4 Qa3 24. Rb1 Be6 25. exd5 cxd5 26. Nxd5 Qxc5 27. Rd1 g5 28. Nxf6+ 1-0

[Event "FICGS class E 000155 email"]
[Site "FICGS email"]
[Date "2012.08.31"]
[Round "1"]
[White "Martinez Camacho, Victor Hugo"]
[Black "Gramajo, Francisco"]
[Result "1-0"]
[WhiteElo "1289"]
[BlackElo "1395"]
[PlyCount "57"]
[EventDate "2012.??.??"]
[EventType "tourn (corr)"]
[EventRounds "5"]
[SourceTitle "Corr 2022"]
[Source "ChessBase"]
[SourceDate "2021.10.24"]
[SourceVersion "1"]
[SourceVersionDate "2021.10.24"]
[SourceQuality "1"]

1. e4 Nc6 2. Nf3 e5 3. Bb5 Bc5 4. Nc3 Nf6 5. 0-0 Nd4 6. Nxe5 0-0 7. Ba4 d6 8. Nf3 Bg4 9. d3 c6 10. Bb3 Nxf3+ 11. gxf3 Bh3 12. Re1 Nh5 13. f4 Bg4 14. Qxg4 g6 15. f5 Kg7 16. fxg6 Bxf2+ 17. Kxf2 fxg6+ 18. Kg2 Qf6 19. Be3 Qe5 20. Rf1 Rxf1 21. Rxf1 d5 22. Bc1 d4 23. Ne2 c5 24. Qd7+ Kh8 25. Ng3 Nf6 26. Qxb7 Rb8 27. Qf7 Rb6 28. Bh6 Ng8 29. Qxg8# 1-0

[Event "FICGS class E 000153 email"]
[Site "FICGS email"]
[Date "2012.07.30"]
[Round "1"]
[White "Gramajo, Francisco"]
[Black "Pipac, Darko"]
[Result "1-0"]
[WhiteElo "1395"]
[BlackElo "1231"]
[PlyCount "61"]
[EventDate "2012.??.??"]
[EventType "tourn (corr)"]
[EventRounds "5"]
[SourceTitle "Corr 2022"]
[Source "ChessBase"]
[SourceDate "2021.10.24"]
[SourceVersion "1"]
[SourceVersionDate "2021.10.24"]
[SourceQuality "1"]

1. d4 d5 2. Nc3 e6 3. Bf4 Bb4 4. e3 a6 5. Nge2 Nf6 6. h3 Nc6 7. g4 0-0 8. a3 Bxc3+ 9. Nxc3 h6 10. g5 hxg5 11. Bxg5 e5 12. dxe5 Nxe5 13. Bxf6 Qxf6 14. Bg2 d4 15. Nd5 Qd6 16. Qh5 dxe3 17. 0-0-0 exf2 18. Be4 g6 19. Qg5 f6 20. Qh6 Kf7 21. Nf4 Qe7 22. Bxg6+ Nxg6 23. Nxg6 Qc5 24. Nxf8 Qxf8 25. Qh5+ Ke7 26. Qe2+ Be6 27. Qxf2 Rd8 28. Qc5+ Rd6 29. Qxc7+ Rd7 30. Rxd7+ Bxd7 31. Re1+ 1-0

[Event "FICGS class E 000153 email"]
[Site "FICGS email"]
[Date "2012.07.30"]
[Round "1"]
[White "Piantadosi, Angelo"]
[Black "Gramajo, Francisco"]
[Result "0-1"]
[WhiteElo "1352"]
[BlackElo "1395"]
[PlyCount "44"]
[EventDate "2012.??.??"]
[EventType "tourn (corr)"]
[EventRounds "5"]
[SourceTitle "Corr 2022"]
[Source "ChessBase"]
[SourceDate "2021.10.24"]
[SourceVersion "1"]
[SourceVersionDate "2021.10.24"]
[SourceQuality "1"]

1. c4 Nc6 2. Nc3 b6 3. g3 Bb7 4. Bg2 e5 5. Nf3 Be7 6. 0-0 Nf6 7. d3 Nd4 8. Nxe5 Bxg2 9. Kxg2 d6 10. Nf3 Nxf3 11. Kxf3 Qd7 12. Kg2 Qc6+ 13. Kg1 0-0 14. b4 a6 15. a4 b5 16. Qb3 bxc4 17. Qxc4 Qd7 18. Bb2 Qh3 19. f3 h5 20. Ne4 Nxe4 21. Qxe4 Rae8 22. Qd4 Bf6 0-1

[Event "FICGS class E 000151 email"]
[Site "FICGS email"]
[Date "2012.04.26"]
[Round "1"]
[White "Gramajo, Francisco"]
[Black "Neil, Charles"]
[Result "1-0"]
[WhiteElo "1233"]
[BlackElo "1225"]
[PlyCount "67"]
[EventDate "2012.??.??"]
[EventType "tourn (corr)"]
[EventRounds "5"]
[SourceTitle "Corr 2022"]
[Source "ChessBase"]
[SourceDate "2021.10.24"]
[SourceVersion "1"]
[SourceVersionDate "2021.10.24"]
[SourceQuality "1"]

1. Nf3 d5 2. d4 Nf6 3. Bg5 e6 4. h3 Nbd7 5. e3 c6 6. Bf4 Qa5+ 7. c3 Be7 8. Be2 Nf8 9. Ne5 N8d7 10. 0-0 b5 11. Nxc6 Qb6 12. Nxe7 Kxe7 13. a4 Re8 14. Na3 bxa4 15. Nb5 Kf8 16. Nc7 Ba6 17. Nxa8 Rxa8 18. Bxa6 Qxa6 19. Rxa4 Qb5 20. Rb4 Qa6 21. Qa4 Qd3 22. Bd6+ Kg8 23. Qc6 Re8 24. Rb7 a5 25. Rxd7 Nxd7 26. Qxd7 Ra8 27. Ra1 g5 28. Qe7 h6 29. Qf6 Qc2 30. Qxh6 Qxb2 31. Qxg5+ Kh7 32. Be5 Qxa1+ 33. Kh2 Rg8 34. Qh5# 1-0

[Event "FICGS class E 000151 email"]
[Site "FICGS email"]
[Date "2012.04.26"]
[Round "1"]
[White "Stoyanov, Zdravko"]
[Black "Gramajo, Francisco"]
[Result "1-0"]
[WhiteElo "1238"]
[BlackElo "1233"]
[PlyCount "71"]
[EventDate "2012.??.??"]
[EventType "tourn (corr)"]
[EventRounds "5"]
[SourceTitle "Corr 2022"]
[Source "ChessBase"]
[SourceDate "2021.10.24"]
[SourceVersion "1"]
[SourceVersionDate "2021.10.24"]
[SourceQuality "1"]

1. e4 Nc6 2. Nf3 e5 3. Bb5 d6 4. Bxc6+ bxc6 5. h3 Nf6 6. d3 Be7 7. 0-0 0-0 8. Re1 Be6 9. c4 c5 10. Nc3 c6 11. Qa4 Qc7 12. Bg5 h6 13. Bxf6 Bxf6 14. Qc2 Bd8 15. a3 Rb8 16. Kh2 f5 17. Kg1 fxe4 18. Nxe4 Bxh3 19. Nxe5 Bxg2 20. Nxc6 Qxc6 21. Kxg2 Bf6 22. Kg1 Bd4 23. Rab1 Rf3 24. Qd1 Qc8 25. Qxf3 Qd7 26. Qf4 Be5 27. Qf3 Bd4 28. b4 Rf8 29. Qg2 Rf4 30. Kf1 Rg4 31. Qf3 Rg6 32. b5 Kh7 33. a4 Rg4 34. a5 h5 35. Ke2 h4 36. Nxd6 1-0

[Event "FICGS class E 000149 email"]
[Site "FICGS email"]
[Date "2012.03.04"]
[Round "1"]
[White "Gramajo, Francisco"]
[Black "Stoyanov, Zdravko"]
[Result "1-0"]
[WhiteElo "1233"]
[BlackElo "1238"]
[PlyCount "51"]
[EventDate "2012.??.??"]
[EventType "tourn (corr)"]
[EventRounds "5"]
[SourceTitle "Corr 2022"]
[Source "ChessBase"]
[SourceDate "2021.10.24"]
[SourceVersion "1"]
[SourceVersionDate "2021.10.24"]
[SourceQuality "1"]

1. Nf3 c5 2. e4 a6 3. Bc4 Nc6 4. Bxf7+ Kxf7 5. 0-0 e5 6. c3 h6 7. d4 Qf6 8. dxe5 Nxe5 9. Qd5+ Ke8 10. Qxe5+ Qxe5 11. Nxe5 Nf6 12. Ng6 Rg8 13. e5 Nd5 14. Rd1 Nb6 15. b3 a5 16. Nxf8 Rxf8 17. Rd6 Ra6 18. Na3 Na8 19. Rxa6 bxa6 20. Nc4 Kd8 21. Ba3 Nc7 22. Bxc5 Rf5 23. Nd6 Ne6 24. Bb6+ Nc7 25. Nxf5 g6 26. Nxh6 1-0

[Event "FICGS class E 000149 email"]
[Site "FICGS email"]
[Date "2012.03.04"]
[Round "1"]
[White "Jacobs, Francois"]
[Black "Gramajo, Francisco"]
[Result "0-1"]
[WhiteElo "1335"]
[BlackElo "1233"]
[PlyCount "50"]
[EventDate "2012.??.??"]
[EventType "tourn (corr)"]
[EventRounds "5"]
[SourceTitle "Corr 2022"]
[Source "ChessBase"]
[SourceDate "2021.10.24"]
[SourceVersion "1"]
[SourceVersionDate "2021.10.24"]
[SourceQuality "1"]

1. d4 Nf6 2. Nf3 d5 3. e3 e6 4. Bd3 c5 5. c3 Be7 6. b3 0-0 7. Nbd2 Nc6 8. 0-0 b6 9. Bb2 Bb7 10. Re1 Rc8 11. Rc1 Qc7 12. e4 dxe4 13. Nxe4 Rfd8 14. Qe2 cxd4 15. Nxd4 Qd7 16. Bb5 Nxd4 17. cxd4 Qd5 18. f3 Rxc1 19. Rxc1 Nxe4 20. fxe4 Qxe4 21. Qxe4 Bxe4 22. Rc7 Bf8 23. Rxa7 Rc8 24. Bc4 h5 25. a4 Bb4 0-1

[Event "FICGS theme 0001 email"]
[Site "FICGS email"]
[Date "2011.11.22"]
[Round "1"]
[White "Gramajo, Francisco"]
[Black "Sternik, Ryszard"]
[Result "0-1"]
[WhiteElo "1164"]
[BlackElo "1776"]
[PlyCount "32"]
[EventDate "2011.??.??"]
[EventType "swiss (corr)"]
[EventRounds "1"]
[SourceTitle "Corr 2013"]
[Source "ChessBase"]
[SourceDate "2012.11.12"]
[SourceVersion "1"]
[SourceVersionDate "2012.11.12"]
[SourceQuality "1"]

1. d4 Nf6 2. e4 Nxe4 3. Nf3 d5 4. Bd3 Nc6 5. 0-0 Bf5 6. Nc3 e6 7. Bg5 Nxg5 8. Re1 Nxf3+ 9. Qxf3 Nxd4 10. Rxe6+ fxe6 11. Qe3 Bxd3 12. Qxd3 c5 13. Re1 Qa5 14. a3 Bd6 15. Qh3 0-0 16. a4 Rf6 0-1

[Event "FICGS theme 0001 email"]
[Site "FICGS email"]
[Date "2011.11.22"]
[Round "1"]
[White "Jefferis, Des"]
[Black "Gramajo, Francisco"]
[Result "1-0"]
[WhiteElo "1186"]
[BlackElo "1164"]
[PlyCount "47"]
[EventDate "2011.??.??"]
[EventType "swiss (corr)"]
[EventRounds "1"]
[SourceTitle "Corr 2013"]
[Source "ChessBase"]
[SourceDate "2012.11.12"]
[SourceVersion "1"]
[SourceVersionDate "2012.11.12"]
[SourceQuality "1"]

1. d4 Nf6 2. e4 Nxe4 3. Be3 d5 4. Bd3 Bf5 5. Nc3 e6 6. Nf3 Nc6 7. 0-0 a6 8. Re1 Bb4 9. Bxe4 Bxe4 10. Re2 h6 11. Nxe4 dxe4 12. Nd2 Qf6 13. Nxe4 Qf5 14. f3 0-0-0 15. c3 Ba5 16. Ng3 Qg6 17. Ne4 f5 18. Ng3 Rhf8 19. Bf4 e5 20. Bxe5 Nxe5 21. Rxe5 f4 22. Nf1 Bb6 23. Kh1 h5 24. Qe1 1-0

[Event "FICGS class F 000103 email"]
[Site "FICGS email"]
[Date "2011.11.20"]
[Round "1"]
[White "Gramajo, Francisco"]
[Black "Dsouza, Stanislaus"]
[Result "1-0"]
[WhiteElo "1164"]
[BlackElo "1207"]
[PlyCount "55"]
[EventDate "2011.??.??"]
[EventType "tourn (corr)"]
[EventRounds "1"]
[SourceTitle "Corr 2013"]
[Source "ChessBase"]
[SourceDate "2012.11.12"]
[SourceVersion "1"]
[SourceVersionDate "2012.11.12"]
[SourceQuality "1"]

1. Nf3 d5 2. d4 Bf5 3. Nc3 e6 4. Bg5 Be7 5. Bf4 Nf6 6. e3 Ne4 7. Nxe4 Bxe4 8. Bd3 Bxd3 9. Qxd3 Nc6 10. a3 0-0 11. Bg3 a6 12. 0-0 f5 13. c4 Na5 14. cxd5 exd5 15. Ne5 Bd6 16. Rfd1 Bxe5 17. dxe5 c6 18. b3 Qe7 19. f4 Qe6 20. Be1 d4 21. Bxa5 dxe3 22. Qxe3 h6 23. Rd6 Qe7 24. Rad1 Kh7 25. Rd7 Qxa3 26. Qc3 Qa2 27. e6 Rae8 28. Qxg7# 1-0

[Event "FICGS class F 000103 email"]
[Site "FICGS email"]
[Date "2011.11.20"]
[Round "1"]
[White "Gramajo, Francisco"]
[Black "Neil, Charles"]
[Result "0-1"]
[WhiteElo "1164"]
[BlackElo "1074"]
[PlyCount "90"]
[EventDate "2011.??.??"]
[EventType "tourn (corr)"]
[EventRounds "1"]
[SourceTitle "Corr 2022"]
[Source "ChessBase"]
[SourceDate "2021.10.24"]
[SourceVersion "1"]
[SourceVersionDate "2021.10.24"]
[SourceQuality "1"]

1. Nf3 Nf6 2. d4 d5 3. Nc3 Bf5 4. Bf4 c6 5. Nh4 Bd7 6. Nf3 g6 7. h3 Bg7 8. e3 0-0 9. Be2 Re8 10. 0-0 a6 11. Qd2 Bf5 12. Rad1 Nbd7 13. g4 Be6 14. Ng5 Nf8 15. Bg3 Bc8 16. a3 h6 17. Nf3 Qb6 18. Ne5 Qxb2 19. Na4 Ne4 20. Nxb2 Nxd2 21. Rxd2 Nh7 22. Kg2 b5 23. Nxc6 Bd7 24. Ne5 Red8 25. Nxd7 Rxd7 26. a4 bxa4 27. Nxa4 Rdd8 28. Nb6 Ra7 29. Ra1 Ng5 30. Rxa6 Rxa6 31. Bxa6 Ne4 32. Bc7 Re8 33. Bb5 Rf8 34. Rd3 e6 35. f3 Nf6 36. Ra3 Kh7 37. Ra7 g5 38. Be5 Kg6 39. Bd3+ Ne4 40. Nd7 Rd8 41. fxe4 dxe4 42. Bxe4+ f5 43. gxf5+ Kh5 44. Nf6+ Bxf6 45. Bf3+ g4 0-1

[Event "FICGS class F 000102 email"]
[Site "FICGS email"]
[Date "2011.10.19"]
[Round "1"]
[White "Cavaille, Cedric"]
[Black "Gramajo, Francisco"]
[Result "0-1"]
[WhiteElo "1009"]
[BlackElo "1124"]
[PlyCount "48"]
[EventDate "2011.??.??"]
[EventType "tourn (corr)"]
[EventRounds "5"]
[SourceTitle "Corr 2013"]
[Source "ChessBase"]
[SourceDate "2012.11.12"]
[SourceVersion "1"]
[SourceVersionDate "2012.11.12"]
[SourceQuality "1"]

1. e4 Nc6 2. Nf3 d6 3. Bc4 e5 4. d4 exd4 5. Nxd4 Nf6 6. Nxc6 bxc6 7. Nc3 Be7 8. 0-0 0-0 9. b4 a5 10. bxa5 Rxa5 11. a4 d5 12. exd5 cxd5 13. Bg5 dxc4 14. Qxd8 Rxd8 15. Rfd1 Rxd1+ 16. Nxd1 Rxg5 17. a5 Re5 18. Nc3 Bb4 19. a6 Bxc3 20. a7 Bxa1 21. g4 Bb7 22. h3 Re1+ 23. Kh2 Be5+ 24. f4 Bxf4# 0-1

[Event "FICGS class F 000102 email"]
[Site "FICGS email"]
[Date "2011.10.19"]
[Round "1"]
[White "Melquiades, Jaime I"]
[Black "Gramajo, Francisco"]
[Result "0-1"]
[WhiteElo "962"]
[BlackElo "1124"]
[PlyCount "46"]
[EventDate "2011.??.??"]
[EventType "tourn (corr)"]
[EventRounds "5"]
[SourceTitle "Corr 2013"]
[Source "ChessBase"]
[SourceDate "2012.11.12"]
[SourceVersion "1"]
[SourceVersionDate "2012.11.12"]
[SourceQuality "1"]

1. e4 Nc6 2. c3 d5 3. Bb5 dxe4 4. Qa4 Nf6 5. f3 Bd7 6. Ne2 a6 7. Bxc6 Bxc6 8. Qd4 exf3 9. Nf4 Nd7 10. b4 e5 11. Qe3 fxg2 12. Nxg2 Bxg2 13. Rg1 Qh4+ 14. Qf2 Qxf2+ 15. Kd1 Qxg1+ 16. Kc2 Be4+ 17. Kb2 a5 18. Na3 axb4 19. cxb4 Bxb4 20. Nc4 Qd4+ 21. Kb3 Qxa1 22. Bb2 Qxa2+ 23. Kxb4 Ra4+ 0-1

[Event "FICGS class F 000102 email"]
[Site "FICGS email"]
[Date "2011.10.19"]
[Round "1"]
[White "Neil, Charles"]
[Black "Gramajo, Francisco"]
[Result "0-1"]
[WhiteElo "1073"]
[BlackElo "1124"]
[PlyCount "38"]
[EventDate "2011.??.??"]
[EventType "tourn (corr)"]
[EventRounds "5"]
[SourceTitle "Corr 2013"]
[Source "ChessBase"]
[SourceDate "2012.11.12"]
[SourceVersion "1"]
[SourceVersionDate "2012.11.12"]
[SourceQuality "1"]

1. d4 Nf6 2. Bg5 d5 3. Bxf6 gxf6 4. g3 Nc6 5. Bg2 Bf5 6. c3 Qd7 7. Nd2 e5 8. dxe5 fxe5 9. Ngf3 0-0-0 10. 0-0 e4 11. Nd4 Nxd4 12. Nb3 Nc6 13. e3 h5 14. Nd4 Ne5 15. a4 h4 16. Nxf5 Qxf5 17. Qe2 Nf3+ 18. Kh1 hxg3 19. fxg3 Rxh2# 0-1

[Event "FICGS class F 000098 email"]
[Site "FICGS email"]
[Date "2011.07.04"]
[Round "1"]
[White "Cavaille, Cedric"]
[Black "Gramajo, Francisco"]
[Result "0-1"]
[WhiteElo "1008"]
[BlackElo "1139"]
[PlyCount "96"]
[EventDate "2011.??.??"]
[EventType "tourn (corr)"]
[EventRounds "6"]
[SourceTitle "Corr 2013"]
[Source "ChessBase"]
[SourceDate "2012.11.12"]
[SourceVersion "1"]
[SourceVersionDate "2012.11.12"]
[SourceQuality "1"]

1. e4 a6 2. Nf3 h6 3. Bc4 Nf6 4. Ne5 e6 5. Nc3 b5 6. Bd3 Bb4 7. a3 Bc5 8. 0-0 0-0 9. b4 Bd4 10. Nf3 Bxc3 11. dxc3 Bb7 12. c4 bxc4 13. Bxc4 Nc6 14. Bb2 d6 15. Bxf6 Qxf6 16. Qd3 d5 17. exd5 exd5 18. Bxd5 Rad8 19. Qe4 Rfe8 20. Qh4 g5 21. Qc4 Ne5 22. Rad1 Nxc4 23. Bxb7 Rxd1 24. Rxd1 Re2 25. Bxa6 Qxa6 26. h4 Qxa3 27. hxg5 hxg5 28. Re1 Rxe1+ 29. Nxe1 Qxb4 30. Nf3 Qb1+ 31. Kh2 Qxc2 32. Nxg5 Qxf2 33. Kh3 Ne3 34. g3 Qg2+ 35. Kh4 Qh2+ 36. Nh3 Nf5+ 37. Kg4 Qxg3+ 38. Kxf5 Qxh3+ 39. Kg5 f5 40. Kf4 c5 41. Ke5 c4 42. Kd4 c3 43. Kc4 c2 44. Kd4 c1Q 45. Ke5 Qhe3+ 46. Kxf5 Qf1+ 47. Kg4 Qff4+ 48. Kh5 Qg5# 0-1

[Event "FICGS class F 000098 email"]
[Site "FICGS email"]
[Date "2011.07.04"]
[Round "1"]
[White "Gramajo, Francisco"]
[Black "Haekkinen, Jorma"]
[Result "0-1"]
[WhiteElo "1139"]
[BlackElo "1198"]
[PlyCount "42"]
[EventDate "2011.??.??"]
[EventType "tourn (corr)"]
[EventRounds "6"]
[SourceTitle "Corr 2013"]
[Source "ChessBase"]
[SourceDate "2012.11.12"]
[SourceVersion "1"]
[SourceVersionDate "2012.11.12"]
[SourceQuality "1"]

1. Nf3 Nc6 2. c3 Nf6 3. d4 d5 4. Bg5 e6 5. Ne5 Be7 6. Nd2 Nxe5 7. dxe5 Ne4 8. Nxe4 Bxg5 9. Nc5 0-0 10. g3 b6 11. Nb3 Bb7 12. f3 f6 13. exf6 Qxf6 14. Bh3 Rae8 15. 0-0 Be3+ 16. Kg2 c5 17. Qd3 d4 18. c4 e5 19. a4 e4 20. Qc2 exf3+ 21. exf3 Bxf3+ 0-1

[Event "FICGS W-ch st1 g14 email"]
[Site "FICGS email"]
[Date "2011.04.01"]
[Round "1"]
[White "Rezack, Thomas J"]
[Black "Gramajo, Francisco"]
[Result "0-1"]
[WhiteElo "1530"]
[BlackElo "1141"]
[PlyCount "34"]
[EventDate "2011.??.??"]
[EventType "tourn (corr)"]
[EventRounds "8"]
[SourceTitle "Corr 2013"]
[Source "ChessBase"]
[SourceDate "2012.11.12"]
[SourceVersion "1"]
[SourceVersionDate "2012.11.12"]
[SourceQuality "1"]

1. e4 e5 2. f4 exf4 3. Nf3 d6 4. d4 g5 5. h3 Bg7 6. Bc4 h6 7. Nc3 Bd7 8. Qd3 Nc6 9. a3 Nge7 10. Bd2 f5 11. 0-0-0 fxe4 12. Nxe4 d5 13. Bxd5 Nxd5 14. Rhe1 0-0 15. Nc5 Bf5 16. c4 Bxd3 17. Nxd3 Nb6 0-1

[Event "FICGS class F 000090 email"]
[Site "FICGS email"]
[Date "2011.01.06"]
[Round "1"]
[White "Gramajo, Francisco"]
[Black "Melquiades, Jaime I"]
[Result "0-1"]
[WhiteElo "1172"]
[BlackElo "1041"]
[PlyCount "28"]
[EventDate "2011.??.??"]
[EventType "tourn (corr)"]
[EventRounds "5"]
[SourceTitle "Corr 2013"]
[Source "ChessBase"]
[SourceDate "2012.11.12"]
[SourceVersion "1"]
[SourceVersionDate "2012.11.12"]
[SourceQuality "1"]

1. e4 e5 2. Nf3 d6 3. Bc4 Be6 4. Bxe6 fxe6 5. c4 Nf6 6. d3 Nc6 7. Bg5 Be7 8. b4 Ng4 9. Be3 0-0 10. b5 Nd4 11. Bxd4 exd4 12. Nxd4 Nxf2 13. Nxe6 Qe8 14. Nxf8 Nxd1 0-1